Um mundo diferente (Record no. 56482)

MARC details
000 -LÍDER
campo de controle de tamanho fixo 00336 a2200157 4500
001 - NÚMERO DE CONTROLE
campo de controle 56482
020 ## - ISBN - INTERNATIONAL STANDARD BOOK NUMBER
ISBN - International Standard Book Number 8520902855
040 ## - FONTE DA CATALOGAÇÃO
Instituição que transcreveu o registro Anchieta - Pituba
100 ## - ENTRADA PRINCIPAL--NOME PESSOAL
Nome pessoal Corrêa, Silvia
240 10 - TÍTULO UNIFORME
Título uniforme Um mundo diferente
Idioma da obra por
245 10 - TÍTULO
Título Um mundo diferente
300 ## - DESCRIÇÃO FÍSICA
Extensão 128
362 0# - DATAS DE PUBLICAÇÃO E/OU DESIGNAÇÃO SEQUENCIAL
Datas de publicação e/ou designação sequencial 1991
650 #4 - ASSUNTO--TERMO TÓPICO
Cabeçalho tópico ou nome geográfico Literatura juvenil
942 ## - ELEMENTOS DE ENTRADA ADICIONADOS (KOHA)
Tipo de material Koha Livros
Holdings
Situação do descarte Situação das perdas Situação física Não pode ser emprestado Biblioteca de origem Biblioteca atual Data de aquisição Total de empréstimos Número de chamada completo Código de barras Data de último acesso Data do preço efetivo Tipo de material Koha Fonte da classificação ou esquema de arquivamento na estante Número do exemplar
        Colégio Anchieta - Pituba Colégio Anchieta - Pituba 21/11/2023   LJ 028.5 C824m COR MUN 5960/PIT 21/11/2023 21/11/2023 Livros    
        Portinari - Salvador Portinari - Salvador 13/08/2024   028.5 C824m 6819/CCP 13/08/2024 13/08/2024 Livros   Ex. 1
        Portinari - Salvador Portinari - Salvador 13/08/2024   028.5 C824m 12099/CCP 13/08/2024 13/08/2024 Livros   Ex. 2